[Event "POL-chT (Women) 2nd"]
[Site "Wroclaw"]
[Date "2009.11.20"]
[Round "1"]
[White "Skiba, Marta"]
[Black "Szymanowska, Karolina"]
[Result "0-1"]
[WhiteElo "1729"]
[BlackElo "2089"]
[PlyCount "80"]
[EventDate "2009.11.20"]
[EventType "team-swiss"]
[EventRounds "5"]
[EventCountry "POL"]
[SourceTitle "CBM 133 Extra"]
[Source "ChessBase"]
[SourceDate "2010.01.05"]
[SourceVersion "1"]
[SourceVersionDate "2010.01.05"]
[SourceQuality "1"]
[WhiteTeam "Bogatynia UKS SP3 (W)"]
[BlackTeam "Wroclaw AZS Politechnika (W) II"]
[WhiteTeamCountry "POL"]
[BlackTeamCountry "POL"]

1. e4 e5 2. Nf3 Nc6 3. Bb5 a6 4. Ba4 Nf6 5. 0-0 Bc5 6. c3 b5 7. Bb3 Bb6 8. d4 d6 9. dxe5 dxe5 10. Qxd8+ Nxd8 11. Nxe5 Nxe4 12. Bd5 Bb7 13. Bxe4 Bxe4 14. Re1 Bxb1 15. Ng6+ Ne6 16. Nxh8 Bd3 17. Be3 Ke7 18. Bxb6 cxb6 19. Rad1 Bf5 20. Nxf7 Kxf7 21. Rd7+ Kf6 22. Rd6 Rb8 23. f3 h5 24. h3 Ke7 25. Rd5 Bg6 26. Rde5 Bf7 27. Rd5 Rd8 28. Rxd8 Kxd8 29. g4 hxg4 30. hxg4 Ng5 31. Kf2 b4 32. b3 bxc3 33. Rc1 Kd7 34. Rxc3 Bd5 35. Rd3 Ke6 36. f4 Ne4+ 37. Ke2 a5 38. Rh3 b5 39. Rh7 Kf6 40. Rh5 Ng3+ 0-1

[Event "Polanica Zdroj op-B 45th"]
[Site "Polanica Zdroj"]
[Date "2009.08.24"]
[Round "7"]
[White "Wozniak, Dawid"]
[Black "Skiba, Marta"]
[Result "0-1"]
[WhiteElo "1894"]
[BlackElo "1729"]
[PlyCount "94"]
[EventDate "2009.08.18"]
[EventType "swiss"]
[EventRounds "10"]
[EventCountry "POL"]
[SourceTitle "CBM 131 Extra"]
[Source "ChessBase"]
[SourceDate "2009.09.03"]
[SourceVersion "2"]
[SourceVersionDate "2009.09.16"]
[SourceQuality "1"]

1. d4 Nf6 2. c4 c5 3. d5 b5 4. cxb5 a6 5. bxa6 g6 6. e3 Bxa6 7. Bxa6 Qa5+ 8. Nc3 Qxa6 9. Nge2 Bg7 10. 0-0 d6 11. Qc2 0-0 12. Rd1 Nbd7 13. b3 Rfb8 14. Bb2 c4 15. Nd4 Nc5 16. b4 Rxb4 17. Nc6 Rb7 18. e4 Nfxe4 19. Nxe4 Rxb2 20. Nxc5 Rxc2 21. Nxa6 Bxa1 22. Rxa1 e6 23. Nab4 Rd2 24. Kf1 Kf8 25. Ke1 Rb2 26. dxe6 fxe6 27. a4 Ke8 28. a5 Kd7 29. a6 d5 30. a7 Kd6 31. Ra6 Kc5 32. Ra5+ Kb6 33. Ra1 Kb5 34. Ra5+ Kb6 35. Ra6+ Kb5 36. Ra5+ Kb6 37. Ra1 Kb5 38. Nd4+ Kxb4 39. Nxe6 c3 40. Nc7 c2 41. Nxd5+ Kc4 42. Ne3+ Kb3 43. Kd2 Rb1 44. Nxc2 Rd8+ 45. Ke3 Rxa1 46. Nxa1+ Kb2 47. Kf4 Kxa1 0-1

[Event "Polanica Zdroj op-B 45th"]
[Site "Polanica Zdroj"]
[Date "2009.08.21"]
[Round "4"]
[White "Skiba, Marta"]
[Black "Borowicz, Przemyslaw"]
[Result "1-0"]
[WhiteElo "1729"]
[BlackElo "2009"]
[PlyCount "47"]
[EventDate "2009.08.18"]
[EventType "swiss"]
[EventRounds "10"]
[EventCountry "POL"]
[SourceTitle "CBM 131 Extra"]
[Source "ChessBase"]
[SourceDate "2009.09.03"]
[SourceVersion "2"]
[SourceVersionDate "2009.09.16"]
[SourceQuality "1"]

1. e4 c6 2. d4 d5 3. exd5 cxd5 4. c4 Nf6 5. Nc3 e6 6. Nf3 Nc6 7. Bg5 Be7 8. a3 0-0 9. Bd3 h6 10. Bc1 dxc4 11. Bxc4 b6 12. 0-0 Bb7 13. Bd3 Nd5 14. Bc2 Nf6 15. Re1 a6 16. Qd3 Qd6 17. Ne4 Nxe4 18. Qxe4 g6 19. Bxh6 Rfd8 20. Rad1 Na5 21. Qg4 Bf8 22. Ne5 Bxh6 23. Nxf7 Qf4 24. Qxg6+ 1-0

[Event "POL-chT U19 1st League"]
[Site "Chotowa"]
[Date "2009.07.??"]
[Round "8"]
[White "Chrzaszcz, Malvina"]
[Black "Skiba, Marta"]
[Result "0-1"]
[WhiteElo "2029"]
[BlackElo "1729"]
[PlyCount "92"]
[EventDate "2009.07.06"]
[EventType "team-tourn"]
[EventRounds "9"]
[EventCountry "POL"]
[SourceTitle "EXT 2012"]
[Source "ChessBase"]
[SourceDate "2011.11.24"]
[SourceVersion "1"]
[SourceVersionDate "2011.11.24"]
[SourceQuality "1"]
[WhiteTeam "Chrzanow UKS SP 8 U19"]
[BlackTeam "Bogatynia UKS SP3 U19"]
[WhiteTeamCountry "POL"]
[BlackTeamCountry "POL"]

1. e4 e5 2. Nf3 Nc6 3. Bb5 a6 4. Ba4 Nf6 5. 0-0 Be7 6. Re1 b5 7. Bb3 0-0 8. h3 d6 9. c3 Na5 10. Bc2 c5 11. d4 Qc7 12. Nbd2 Re8 13. Nf1 Nc6 14. d5 Nb8 15. Ng3 c4 16. a4 Bb7 17. Nf5 Nbd7 18. g4 Nc5 19. Bg5 bxa4 20. Bxa4 Ncxe4 21. Bxe8 Nxg5 22. Nxg5 Rxe8 23. Ne3 h6 24. Nf3 Qc5 25. Nd2 Nxd5 26. Ndxc4 Nf4 27. Kh2 Rd8 28. b4 Qc7 29. Na5 Ba8 30. Nf5 Bf6 31. Qd2 e4 32. Ng3 d5 33. Ra3 Nd3 34. Rd1 Bg5 35. Qe2 Bf4 36. Rxd3 exd3 37. Qxd3 Qb6 38. Qf1 d4 39. Nc4 Qc6 40. cxd4 Rxd4 41. Nb2 Rxb4 42. Nd3 Bxg3+ 43. Kxg3 Qf3+ 44. Kh2 Rb1 45. Ne1 Rxe1 46. Rxf3 Rxf1 0-1

[Event "POL-chT U19 1st League"]
[Site "Chotowa"]
[Date "2009.07.??"]
[Round "5"]
[White "Ostrowska, Dominika"]
[Black "Skiba, Marta"]
[Result "1-0"]
[WhiteElo "1914"]
[BlackElo "1729"]
[PlyCount "65"]
[EventDate "2009.07.06"]
[EventType "team-tourn"]
[EventRounds "9"]
[EventCountry "POL"]
[SourceTitle "EXT 2012"]
[Source "ChessBase"]
[SourceDate "2011.11.24"]
[SourceVersion "1"]
[SourceVersionDate "2011.11.24"]
[SourceQuality "1"]
[WhiteTeam "Suwalki Hancza U19"]
[BlackTeam "Bogatynia UKS SP3 U19"]
[WhiteTeamCountry "POL"]
[BlackTeamCountry "POL"]

1. e4 e5 2. Nf3 Nc6 3. Bb5 f5 4. Bxc6 dxc6 5. Nc3 fxe4 6. Nxe4 Nf6 7. Qe2 Qd5 8. Nc3 Qe6 9. Qxe5 Qxe5+ 10. Nxe5 Bd6 11. Nc4 Bc5 12. d3 0-0 13. Be3 Be7 14. 0-0 Bf5 15. Rae1 Bb4 16. Bd2 Rae8 17. a3 Be7 18. h3 h6 19. Ne2 Bc5 20. Be3 Bxe3 21. fxe3 Bd7 22. e4 c5 23. Nd2 Bc6 24. Nf4 Nd7 25. Ng6 Rf6 26. Rxf6 gxf6 27. Rf1 Kg7 28. Nf4 Re7 29. Nh5+ Kg6 30. g4 Rf7 31. Nf4+ Kh7 32. Ne6 b6 33. Nd8 1-0

[Event "POL-ch U16 Girls"]
[Site "Chotowa"]
[Date "2009.04.02"]
[Round "8"]
[White "Zadlo, Anna"]
[Black "Skiba, Marta"]
[Result "0-1"]
[WhiteElo "1809"]
[BlackElo "1674"]
[PlyCount "80"]
[EventDate "2009.03.28"]
[EventType "swiss"]
[EventRounds "11"]
[EventCountry "POL"]
[SourceTitle "EXT 2011"]
[Source "ChessBase"]
[SourceDate "2010.11.26"]
[SourceVersion "1"]
[SourceVersionDate "2010.11.26"]
[SourceQuality "1"]

1. e4 e5 2. Nf3 Nc6 3. Nc3 Nf6 4. a3 g6 5. d4 exd4 6. Nxd4 Bg7 7. Nde2 0-0 8. g3 Re8 9. Bg2 d6 10. h3 Bd7 11. Be3 Ne5 12. b3 Bc6 13. Nd5 Bxd5 14. exd5 Ned7 15. Rb1 Ne4 16. 0-0 Qe7 17. Bd4 Nef6 18. Nc3 Nb6 19. Re1 Qd7 20. Qf3 Rxe1+ 21. Rxe1 Qd8 22. Qd3 Qd7 23. a4 Re8 24. Re2 a6 25. Rxe8+ Qxe8 26. Kf1 Nbd7 27. Ne2 Ne5 28. Qc3 c6 29. dxc6 bxc6 30. Bxc6 Qxc6 31. Bxe5 Qh1+ 32. Ng1 dxe5 33. Qc8+ Bf8 34. Qxa6 Kg7 35. Qb6 Qd5 36. c4 Qd3+ 37. Kg2 Ne4 38. a5 Bc5 39. Qb8 Bd4 40. a6 Qd2 0-1

[Event "POL-ch U16 Girls"]
[Site "Chotowa"]
[Date "2009.03.28"]
[Round "1"]
[White "Skiba, Marta"]
[Black "Zakoscielna, Kinga"]
[Result "0-1"]
[WhiteElo "1674"]
[BlackElo "2123"]
[PlyCount "36"]
[EventDate "2009.03.28"]
[EventType "swiss"]
[EventRounds "11"]
[EventCountry "POL"]
[SourceTitle "EXT 2011"]
[Source "ChessBase"]
[SourceDate "2010.11.26"]
[SourceVersion "1"]
[SourceVersionDate "2010.11.26"]
[SourceQuality "1"]

1. e4 c5 2. Nf3 e6 3. d4 cxd4 4. Nxd4 Nc6 5. Be3 Nf6 6. f3 d5 7. exd5 Nxd5 8. Nxc6 bxc6 9. Bf2 Qf6 10. Qd4 e5 11. Qa4 Be7 12. Nd2 0-0 13. Ne4 Qh6 14. Qb3 Bf5 15. Qd3 Rfd8 16. Qe2 Bxe4 17. Qxe4 Bb4+ 18. c3 Nxc3 0-1

[Event "Polanica Zdroj op-C 44th"]
[Site "Polanica Zdroj"]
[Date "2008.08.25"]
[Round "7"]
[White "Maslanka, Piotr"]
[Black "Skiba, Marta"]
[Result "1/2-1/2"]
[WhiteElo "1798"]
[BlackElo "1630"]
[PlyCount "106"]
[EventDate "2008.08.19"]
[EventType "swiss"]
[EventRounds "9"]
[EventCountry "POL"]
[SourceTitle "CBM 126 Extra"]
[Source "ChessBase"]
[SourceDate "2008.11.05"]
[SourceVersion "1"]
[SourceVersionDate "2008.11.05"]
[SourceQuality "1"]

1. Nf3 c5 2. c4 Nc6 3. Nc3 e5 4. d3 d6 5. g3 g6 6. Bg2 Bg7 7. 0-0 Nge7 8. Bg5 h6 9. Bd2 0-0 10. Qc1 Kh7 11. Nh4 Nf5 12. Nxf5 Bxf5 13. e4 Be6 14. Ne2 Qd7 15. f4 f5 16. a3 fxe4 17. Bxe4 d5 18. Bg2 dxc4 19. dxc4 Qd3 20. Re1 Rad8 21. Bc3 Bxc4 22. fxe5 Nxe5 23. Nf4 Qd6 24. Bxe5 Bxe5 25. Qxc4 Bxf4 26. gxf4 Rxf4 27. Qe2 Rf7 28. Rad1 Qc7 29. Qe6 Rxd1 30. Rxd1 Re7 31. Qg4 Qe5 32. Rf1 Qxb2 33. Kh1 Qxa3 34. Be4 Qa6 35. Rg1 Rg7 36. Qc8 Qf6 37. Qxc5 b6 38. Qd5 a5 39. Bd3 Kh8 40. Bc4 Kh7 41. Re1 Qc3 42. Re7 Qc1+ 43. Kg2 Qb2+ 44. Re2 Qf6 45. Rf2 Qc3 46. Re2 Qf6 47. Rf2 Qc3 48. Bd3 Qc7 49. Rf6 Qc3 50. Rxb6 Qd2+ 51. Kf3 Qd1+ 52. Kf2 Qd2+ 53. Kf3 Qd1+ 1/2-1/2

[Event "Zlota Wieze 50"]
[Site "Pultusk"]
[Date "2008.07.03"]
[Round "6.7"]
[White "Chrabaszcz, Dariusz"]
[Black "Skiba, Marta"]
[Result "0-1"]
[WhiteElo "1608"]
[BlackElo "1667"]
[PlyCount "74"]
[EventDate "2008.06.30"]
[EventType "team"]
[EventRounds "9"]
[EventCountry "POL"]
[SourceTitle "EXT 2020"]
[Source "ChessBase"]
[SourceDate "2019.10.17"]
[SourceVersion "1"]
[SourceVersionDate "2019.10.17"]
[SourceQuality "1"]

1. e4 c5 2. Nc3 e6 3. Bc4 Ne7 4. f4 d5 5. Bb5+ Nbc6 6. d3 a6 7. Bxc6+ Nxc6 8. Nf3 Be7 9. Qe2 d4 10. Nd1 0-0 11. a4 Nb4 12. 0-0 a5 13. Nf2 f5 14. e5 b6 15. c3 dxc3 16. bxc3 Nd5 17. Bd2 Bb7 18. Rfd1 Qe8 19. Nh3 h6 20. c4 Nb4 21. Be3 Bc6 22. d4 Bxa4 23. Rd2 Rd8 24. dxc5 Rxd2 25. Qxd2 Nc2 26. Rxa4 Qxa4 27. cxb6 Nxe3 28. Qxe3 Qxc4 29. Qe1 Bc5+ 30. Kh1 Bxb6 31. Nh4 Rc8 32. g3 Qc1 33. Qxc1 Rxc1+ 34. Kg2 a4 35. Nf3 a3 36. Nh4 a2 37. Ng6 a1Q 0-1

[Event "Zlota Wieze 50"]
[Site "Pultusk"]
[Date "2008.07.02"]
[Round "4.4"]
[White "Krasuski, Pawel"]
[Black "Skiba, Marta"]
[Result "1-0"]
[WhiteElo "1796"]
[BlackElo "1667"]
[PlyCount "61"]
[EventDate "2008.06.30"]
[EventType "team"]
[EventRounds "9"]
[EventCountry "POL"]
[SourceTitle "EXT 2020"]
[Source "ChessBase"]
[SourceDate "2019.10.17"]
[SourceVersion "1"]
[SourceVersionDate "2019.10.17"]
[SourceQuality "1"]

1. c4 e5 2. e3 Nc6 3. Nc3 g6 4. Nge2 Bg7 5. d4 exd4 6. exd4 d6 7. Be3 Nf6 8. h3 0-0 9. Qd2 Re8 10. Ng3 d5 11. Be2 dxc4 12. 0-0 Be6 13. Rac1 a6 14. Rfd1 Ne7 15. Bf3 Ned5 16. Bh6 Rb8 17. Bxg7 Kxg7 18. Nge4 Nxe4 19. Nxe4 Nf6 20. Qc3 Nd5 21. Qa3 Nf4 22. Nc5 Bd5 23. Rc2 c6 24. Bxd5 cxd5 25. Qf3 Ne6 26. b3 Nxd4 27. Rxd4 Re1+ 28. Kh2 Qc7+ 29. g3 Qxc5 30. Rxd5 Qa3 31. Qc3+ 1-0

[Event "Szklarska Poreba op"]
[Site "Szklarska Poreba"]
[Date "2008.06.27"]
[Round "9.14"]
[White "Belkner, Piotr"]
[Black "Skiba, Marta"]
[Result "1/2-1/2"]
[WhiteElo "1630"]
[BlackElo "1667"]
[PlyCount "107"]
[EventDate "2008.06.21"]
[EventType "swiss"]
[EventRounds "9"]
[EventCountry "POL"]
[SourceTitle "EXT 2023"]
[Source "ChessBase"]
[SourceDate "2022.10.05"]
[SourceVersion "1"]
[SourceVersionDate "2022.10.05"]
[SourceQuality "1"]

1. e4 e5 2. Nf3 Nc6 3. Bb5 a6 4. Ba4 Nf6 5. 0-0 Be7 6. Re1 b5 7. Bb3 0-0 8. h3 Bb7 9. c3 h6 10. d4 d6 11. Nbd2 Nb8 12. Bc2 Nbd7 13. Nf1 c5 14. g4 Qc7 15. d5 c4 16. Ng3 Nc5 17. Kh1 a5 18. g5 hxg5 19. Bxg5 Nh7 20. h4 Bc8 21. Rg1 Bg4 22. Nf5 Bxf5 23. exf5 Bxg5 24. hxg5 e4 25. Nd4 Nd3 26. Bxd3 cxd3 27. Qh5 g6 28. fxg6 fxg6 29. Qxg6+ Qg7 30. Qxg7+ Kxg7 31. Ne6+ Kg6 32. Nxf8+ Rxf8 33. Rg2 Rf5 34. Rd1 Rxd5 35. Rg3 Rxg5 36. Re3 d5 37. f3 Nf6 38. b3 Kf5 39. fxe4+ dxe4 40. Rf1+ Ke5 41. Rh3 Nd5 42. c4 bxc4 43. bxc4 Nc3 44. Re1 Kd4 45. Rh8 d2 46. Rd8+ Rd5 47. Rd1 Rxd8 48. Rxd2+ Kxc4 49. Rxd8 Nxa2 50. Ra8 Kb4 51. Kg2 Nc3 52. Kf2 a4 53. Ke3 a3 54. Kd4 1/2-1/2

[Event "Szklarska Poreba op"]
[Site "Szklarska Poreba"]
[Date "2008.06.26"]
[Round "7.14"]
[White "Wasik, Jozef"]
[Black "Skiba, Marta"]
[Result "0-1"]
[WhiteElo "1887"]
[BlackElo "1667"]
[PlyCount "62"]
[EventDate "2008.06.21"]
[EventType "swiss"]
[EventRounds "9"]
[EventCountry "POL"]
[SourceTitle "EXT 2023"]
[Source "ChessBase"]
[SourceDate "2022.10.05"]
[SourceVersion "1"]
[SourceVersionDate "2022.10.05"]
[SourceQuality "1"]

1. d4 Nf6 2. Nc3 e6 3. Bg5 Be7 4. e4 d6 5. Nf3 Nbd7 6. h3 h6 7. Bh4 b6 8. Bd3 Bb7 9. Qe2 a6 10. 0-0-0 b5 11. e5 Nd5 12. Nxd5 Bxh4 13. Nxc7+ Qxc7 14. Nxh4 dxe5 15. Qg4 0-0 16. Qg3 Qa5 17. dxe5 Qxa2 18. c3 Nc5 19. Bb1 Nb3+ 20. Kc2 Be4+ 21. Rd3 Qa4 22. Kd1 Bxd3 23. Bxd3 Qa1+ 24. Kc2 Qxh1 25. Kxb3 Qd1+ 26. Bc2 Qd5+ 27. Ka3 a5 28. b3 b4+ 29. Kb2 bxc3+ 30. Kc1 a4 31. Qd3 Qxd3 0-1